=LDR 00000nam 2200000 4500 =001 INLIS000000000005077 =005 20130612093331 =008 ***********************************Ind** =035 ##$$0010-061300000005077 =041 ##$$a Ind =082 ##$$a 338.9 =090 ##$$a 338.9, Isa e =100 ##$$a ISAAK, Robert A =245 ##$$a Ekonomi politik Internasional, Robert A. Isaak; Penerjemah, Nurhadi Sugiono. -- =260 ##$$a 1995 $b Yogyakarta =300 ##$$a xxvi, 392 hlm, 21 cm =650 ##$$a Politik Ekonomi =700 ##$$a SUGIONO, Muhadi =850 ##$$a NBPNMAT =990 ##$$a 0001/BPAP-NTB/2016 =990 ##$$a 1046210462 =990 ##$$a 01201710462 =990 ##$$a 81.730/Pb.95 =990 ##$$a 127.497/Pro.98 =990 ##$$a 127.499/Pro.98 =990 ##$$a 0001/BPAP-NTB/2016 =990 ##$$a 1269112691 =990 ##$$a 01201712691 =990 ##$$a 81.730/Pb.95 =990 ##$$a 127.497/Pro.98 =990 ##$$a 127.499/Pro.98 =990 ##$$a 0001/BPAP-NTB/2016 =990 ##$$a 01201710462